Breath of the Wild Shrines by Letter - Statistics

General Stats
  • This quiz has been taken 21 times
  • The average score is 10 of 23
Answer Stats
Letter # Answer % Correct
O 2 Oman Au | Owa Daim
92%
J 4 Ja Baij | Jee Noh | Jitan Sa'mi | Joloo Nah
75%
K 27 Ka'o Makagh | Kaam Ya'tak | Kah Mael | Kah Okeo | Kah Yah | Kam Urog | Kamia Omuna | Katah Chuki | Katosa Aug | Kay Noh | Kaya Wan | Kayra Mah | Ke'nai Shakah | Kee Dafunia | Keeha Yoog | Keh Namut | Keive Tala | Kema Kosassa | Kema Zoos | Keo Ruug | Ketoh Wawai | Kiah Toza | Kihiro Moh | Korgu Chideh | Korsh O'hu | Kuh Takkar | Kuhn Sidajj
67%
B 2 Bareeda Naag | Bosh Kala
58%
T 12 Ta'loh Naeg | Tah Muhl | Tahno O'ah | Takama Shiri | Tawa Jinn | Tena Ko'sah | Tho Kayu | To Quomo | Toh Yahsa | Toto Sah | Tu Ka'loh | Tutsuwa Nima
58%
A 1 Akh Va'quot
50%
H 4 Ha Dahamar | Hawa Koth | Hia Miu | Hila Rao
50%
M 14 Maag Halan | Maag No'rah | Mah Eliya | Maka Rah | Mezza Lo | Mijah Rokee | Mirro Shaz | Misae Suma | Mo'a Keet | Mogg Latan | Monya Toma | Mozo Shenno | Muwo Jeem | Myahm Agana
50%
Z 3 Zalta Wa | Ze Kasho | Zuna Kai
50%
L 2 Lakna Rokee | Lanno Kooh
42%
Q 3 Qaza Tokki | Qua Raym | Qukah Nata
42%
R 11 Raqa Zunzo | Ree Dahee | Rin Oyaa | Rinu Honika | Ritaag Zumo | Rohta Chigah | Rok Uwog | Rona Kachta | Rota Ooh | Rucco Maag | Ruvo Korbah
42%
C 1 Chaas Qeta
33%
D 11 Daag Chokah | Dagah Keek | Dah Hesho | Dah Kaso | Daka Tuss | Dako Tah | Daqa Koh | Daqo Chisay | Dila Maag | Dow Na'eh | Dunba Taag
33%
N 4 Namika Ozz | Ne'ez Yohma | Noe Rajee | Noya Neha
33%
S 24 Saas Ko'sah | Sah Dahaj | Sasa Kai | Sato Koda | Sha Gehma | Sha Warvo | Shada Naw | Shae Katha | Shae Loya | Shae Mo'sah | Shai Utoh | Shai Yota | Sharo Lun | Shee Vaneer | Shee Venath | Sheem Dagoze | Sheh Rata | Shira Gomar | Sho Dantu | Shoda Sah | Shoqa Tatone | Shora Hah | Soh Kofi | Suma Sahma
33%
Y 3 Ya Naga | Yah Rin | Yowaka Ita
33%
G 3 Gee Ha'rah | Goma Asaagh | Gorae Torr
25%
W 1 Wahgo Katta
25%
E 1 Etsu Korima
17%
I 1 Ishto Soh
17%
P 1 Pumaag Nitae
17%
V 1 Voo Lota
17%
No matching quizzes found
Score Distribution
Percent of People with Each Score
Percentile by Number Answered
Your Score History
You have not taken this quiz